Sociální psychologie

Salvato in:
Dettagli Bibliografici
Autore principale: Nakonečný, Milan
Natura: Libro
Lingua:ceco
Pubblicazione: Praha ACADEMIA 1999
Soggetti:
Tags: Aggiungi Tag
Nessun Tag, puoi essere il primo ad aggiungerne!!

MARC

LEADER 00000nam a2200000 4500
001 c123161
005 20221102135246.8
020 |a 80-200-0690-7 
041 0 |a cze 
044 |a CZ 
245 1 0 |a Sociální psychologie  |c Milan Nakonečný 
264 1 |a Praha  |b ACADEMIA  |c 1999 
300 |a 287 s. 
610 2 0 |a psychológia sociálna 
610 2 0 |a metódy 
610 2 0 |a socializácia 
610 2 0 |a motivácia 
610 2 0 |a osobnosť 
610 2 0 |a správanie 
610 2 0 |a správanie sociálne 
610 2 0 |a komunikácia sociálna 
610 2 0 |a skupiny sociálne 
610 2 0 |a kultúra 
610 2 0 |a teória a prax 
100 1 |a Nakonečný, Milan